Word Ladder: Toys Quiz Stats

 Plays Quiz Updated Mar 13, 2015

Challenge
Share
Tweet
Embed
Score 0/15 Timer 01:30
0 Plays Today
Clue 4-Letter Word % Correct
Ken, Elmo or Barbie, e.g.DOLL
97.5%
Popular computer manufacturerDELL
96.4%
A sport with horse and malletsPOLO
96%
Building toy brandLEGO
96%
A toy bouncing stickPOGO
95.9%
Actress Moore or singer LovatoDEMI
95.6%
A place to get a ham on ryeDELI
95.4%
A surveyPOLL
93.2%
Clue 4-Letter Word % Correct
A corporate iconLOGO
92.1%
A peaceful birdDOVE
91.4%
Zero, in tennisLOVE
91.3%
Capitol topperDOME
78.2%
Building toy brand: Lincoln ___LOGS
75.8%
City subdivision in Ancient GreeceDEME
70.9%
A section of theater seatingLOGE
70%

Today's Daily Dose

Missing Word
TV HA - HZ

Word Ladder
Nordic Capital

On This Day
January 19th II

You're not logged in!

Compare scores with friends on all Sporcle quizzes.
OR
Log In

You Might Also Like...

Show Comments

Extras

Top Quizzes Today


Score Distribution

Your Account Isn't Verified!

In order to create a playlist on Sporcle, you need to verify the email address you used during registration. Go to your Sporcle Settings to finish the process.

Report this User

Report this user for behavior that violates our Community Guidelines.

Details: